Loga firm Amerykańskich - Statystyki

Ogólne statystyki
  • Ten quiz został rozwiązany 47 razy
  • Średni wynik to 32 z 44
Statystyki odpowiedzi
Obrazkowy Odpowiedź % Poprawnych
Amazon
100%
Apple
100%
Google
100%
McDonald's
100%
Starbucks
100%
Visa
100%
Facebook
97%
Ford
97%
Jeep
97%
Nike
97%
Pepsi
97%
Pizza Hut
97%
Spotify
97%
Walt Disney
97%
Coca-Cola
95%
KFC
95%
Lays
95%
Microsoft
95%
Subway
95%
Sprite
92%
FedEx
90%
Oreo
90%
Snickers
90%
Mastercard
87%
Burger King
85%
Chevrolet
85%
Domino's Pizza
85%
Tesla
82%
Ebay
79%
Intel
79%
UPS
77%
Dodge
64%
Cadillac
49%
Walmart
49%
Target
33%
Chrysler
31%
Pontiac
28%
Hershey
26%
IBM
21%
Buick
15%
NBC
13%
Lincoln
10%
Saturn
10%
American Express
8%
Nie znaleziono quizów pasujących do podanych kryteriów
Rozkład punktacji
Procent ludzi z każdym wynikiem
Percentyl według liczby udzielonych odpowiedzi
Twoja historia wyników
Nie rozwiązałeś tego quizu